| 000 | 00773nam a2200265 i 4500 | ||
|---|---|---|---|
| 001 | 87007 | ||
| 003 | ES-MaACL | ||
| 005 | 20230906175554.0 | ||
| 007 | t| | ||
| 008 | 041217s1974 sp ||||1| spa d | ||
| 020 | _a84-264-1099-5 | ||
| 080 | _a72.036(47) | ||
| 080 | _a711.036(47) | ||
| 100 | 1 |
_aKopp, Anatole. _968582 |
|
| 245 | 1 | 0 |
_aArquitectura y urbanismo soviéticos de los años veinte / _cAnatole Koop. |
| 250 | _a1ª ed. | ||
| 260 |
_aBarcelona : _bLumen, _c1974. |
||
| 300 |
_a332 p., [32] p. de lám. ; _c19 cm. |
||
| 490 | 1 |
_aPalabra en el tiempo ; _v99 |
|
| 650 |
_aArquitectura soviética. _9140726 |
||
| 650 | 4 |
_aUrbanismo- _zRusia. _9174559 |
|
| 830 | 1 |
_aPalabra en el tiempo ; _v99 _9177857 |
|
| 852 | 4 |
_aES-MaACL _jE-6161 |
|
| 999 |
_c87007 _d87007 |
||